[Event "MINI_ELO 2019 (1)"]
[Site "Suwalki"]
[Date "2019.03.24"]
[Round "6.1"]
[White "Czarniecki, Pawel"]
[Black "Sapinski, Sebastian"]
[Result "0-1"]
[WhiteElo "1495"]
[BlackElo "1452"]
[PlyCount "90"]
[EventDate "2019.??.??"]

1. d4 e6 2. Nf3 Nf6 3. Bg5 Be7 4. e3 b6 5. Bd3 Bb7 6. Nbd2 d5 7. Ne5 O-O 8. f4
Ne4 9. Bxe7 Qxe7 10. Ndf3 f6 11. Ng4 Nd7 12. Qe2 c5 13. c3 a6 14. O-O-O b5 15.
Nd2 b4 16. Nxe4 dxe4 17. Bc4 bxc3 18. bxc3 Bd5 19. f5 cxd4 20. Bxd5 Qa3+ 21.
Qb2 Qxb2+ 22. Kxb2 dxc3+ 23. Kxc3 exd5 24. Rxd5 Nb6 25. Rd4 Rac8+ 26. Kb3 Rc5
27. Rf1 Rfc8 28. Rxe4 Nd5 29. a4 Rb8+ 30. Ka3 Rc3+ 31. Ka2 Rc2+ 32. Ka3 Rc3+
33. Ka2 Rbb3 34. Rf2 Nb4+ 35. Rxb4 Rxb4 36. h3 Rxa4+ 37. Kb2 Rcc4 38. Rd2 Rab4+
39. Ka3 Rb7 40. Rd8+ Kf7 41. Rh8 Rc1 42. Ka2 Rc5 43. Nh6+ Ke7 44. Ng8+ Kd6 45.
Nxf6 Ra5# 0-1

[Event "MINI_ELO 2019 (1)"]
[Site "Suwalki"]
[Date "2019.03.24"]
[Round "6.2"]
[White "Kopaczewski, Zbigniew"]
[Black "Pieczulis, Blazej"]
[Result "1-0"]
[WhiteElo "1335"]
[BlackElo "1488"]
[PlyCount "175"]
[EventDate "2019.??.??"]

1. e3 Nf6 2. g3 g6 3. Bg2 Bg7 4. c4 d6 5. Ne2 O-O 6. d4 Nbd7 7. Qb3 c6 8. Nbc3
e5 9. d5 Nc5 10. Qc2 Bd7 11. b4 Na6 12. a3 Rc8 13. Qa4 cxd5 14. Qc2 Rxc4 15.
Qd2 Rc7 16. Bb2 Bh6 17. f4 Bg7 18. O-O Rc8 19. Nxd5 Nxd5 20. Bxd5 Bc6 21. Ba2
Qe7 22. Nc3 Nc7 23. Rae1 Rcd8 24. f5 Kh8 25. Rf2 d5 26. Qc2 Qd7 27. Ref1 Rde8
28. g4 Bh6 29. Nd1 Bb5 30. Re1 Ba4 31. Bb3 Bxb3 32. Qxb3 Bg7 33. h3 Qd6 34.
Ref1 a6 35. Kg2 f6 36. fxg6 hxg6 37. Qc2 e4 38. Bd4 Rf7 39. Qb2 Re6 40. Nc3 b5
41. Ne2 g5 42. Ng3 Ne8 43. Rh1 Kg8 44. Qb3 Rc7 45. Bc5 Qd7 46. Rd1 Rc8 47. Rxd5
Qc6 48. Rd6 Nxd6 49. Qxe6+ Nf7 50. Qxc6 Rxc6 51. Nxe4 Ne5 52. Nd6 Nd3 53. Rf5
Ne5 54. Ne4 Kh7 55. Kf1 Kg6 56. Ke2 Nc4 57. Kd3 Nxa3 58. Nd2 Rc7 59. Kc3 Rd7
60. Bd4 a5 61. bxa5 Rc7+ 62. Bc5 Rd7 63. Kb3 Rd3+ 64. Kb4 Nc2+ 65. Kxb5 Rxd2
66. a6 Rd8 67. a7 Ne1 68. Kc6 Bf8 69. Bb6 Re8 70. Kb7 Nd3 71. Rd5 Nb4 72. Rd8
Re7+ 73. Bc7 Rf7 74. a8=Q Kg7 75. Kb6 Nc2 76. e4 Ne3 77. e5 Nc4+ 78. Kc6 fxe5
79. Rd7 e4 80. Rxf7+ Kxf7 81. Qa2 Kg6 82. Qxc4 e3 83. Qe4+ Kh6 84. Qxe3 Bg7 85.
Bd8 Bf6 86. Bxf6 Kh7 87. Qe7+ Kg8 88. Qg7# 1-0

[Event "MINI_ELO 2019 (1)"]
[Site "Suwalki"]
[Date "2019.03.24"]
[Round "6.3"]
[White "Sawicki, Wojciech"]
[Black "Palejko, Maria"]
[Result "1/2-1/2"]
[WhiteElo "1341"]
[BlackElo "1238"]
[PlyCount "61"]
[EventDate "2019.??.??"]

1. d4 d5 2. c4 e6 3. Nf3 Be7 4. e3 Nf6 5. Bd3 O-O 6. O-O Nbd7 7. Nbd2 b6 8. b3
Bb7 9. Bb2 c5 10. Rc1 Rc8 11. Bb1 Ne4 12. Nxe4 dxe4 13. Ne5 Nxe5 14. dxe5 f6
15. exf6 Bxf6 16. Qxd8 Rcxd8 17. Bxf6 Rxf6 18. Rcd1 Rff8 19. h3 h6 20. Bc2 g5
21. Rfe1 Kg7 22. Kf1 Bc6 23. Rxd8 Rxd8 24. Rd1 Rxd1+ 25. Bxd1 a6 26. Be2 b5 27.
Ke1 b4 28. Bg4 Kf6 29. Ke2 Be8 30. Ke1 a5 31. Bd1 1/2-1/2

[Event "MINI_ELO 2019 (1)"]
[Site "Suwalki"]
[Date "2019.03.24"]
[Round "6.4"]
[White "Walendykiewicz, Martyna"]
[Black "Kotarski, Grzegorz"]
[Result "1-0"]
[WhiteElo "1175"]
[BlackElo "1414"]
[PlyCount "175"]
[EventDate "2019.??.??"]

1. e4 c5 2. Nf3 e6 3. d4 cxd4 4. Nxd4 Nf6 5. Nc3 d6 6. Bd3 a6 7. O-O b5 8. a3
Bb7 9. Bg5 Be7 10. Bxf6 Bxf6 11. Nde2 Nd7 12. Kh1 Nc5 13. f3 O-O 14. Rb1 Qe7
15. b4 Nxd3 16. cxd3 Rac8 17. Rc1 Rc7 18. Qb3 Rfc8 19. Rfe1 Bg5 20. Rc2 Qd7 21.
Nd4 Bf6 22. Nde2 d5 23. Rec1 dxe4 24. Nxe4 Be7 25. Rxc7 Rxc7 26. Rxc7 Qxc7 27.
Qc3 Qb6 28. Nc5 Bf6 29. Qd2 h6 30. Qf4 Bd5 31. Nd7 Qd8 32. Nxf6+ Qxf6 33. Qxf6
gxf6 34. Nf4 Bb7 35. Kg1 Kg7 36. Kf2 e5 37. Nh5+ Kg6 38. Ng3 f5 39. Ke2 Kg5 40.
Kd2 h5 41. h4+ Kxh4 42. Nxf5+ Kg5 43. Nd6 Bd5 44. Ke3 f5 45. Ne8 h4 46. Nc7 Bb7
47. Ne6+ Kf6 48. Nc5 f4+ 49. Kd2 Bc8 50. Kc3 Ke7 51. d4 Kd6 52. dxe5+ Kxe5 53.
Kd3 Kd5 54. Kc3 a5 55. Nd3 axb4+ 56. axb4 Bf5 57. Nxf4+ Ke5 58. Ne2 Be6 59. Kd2
Bc4 60. Ke3 Bd5 61. Nc3 Bc6 62. Ne2 Kd5 63. Kd3 Be8 64. Nc3+ Ke5 65. Ke3 Bd7
66. Ne2 Kd5 67. Kd3 Bf5+ 68. Kc3 Ke5 69. Kd2 Kd5 70. Kc3 h3 71. gxh3 Bd7 72. h4
Ke5 73. Kd3 Kf5 74. Ke3 Be8 75. Ng3+ Kg6 76. Kf4 Bd7 77. Ke5 Kf7 78. f4 Be6 79.
f5 Bc4 80. Ne4 Be2 81. Nd6+ Kf8 82. Kf6 Bd3 83. h5 Kg8 84. Kg6 Kh8 85. h6 Bxf5+
86. Nxf5 Kg8 87. Nd6 Kh8 88. Nxb5 1-0

[Event "MINI_ELO 2019 (1)"]
[Site "Suwalki"]
[Date "2019.03.24"]
[Round "6.5"]
[White "Pieczulis, Hubert"]
[Black "Palejko, Gabriela"]
[Result "1-0"]
[WhiteElo "1246"]
[BlackElo "1115"]
[PlyCount "75"]
[EventDate "2019.??.??"]

1. d4 d5 2. Nf3 Nf6 3. Bf4 e6 4. e3 c5 5. c3 Nc6 6. Bd3 Bd6 7. Bxd6 Qxd6 8.
Nbd2 O-O 9. Qe2 c4 10. Bc2 Ne7 11. e4 Qc7 12. e5 Nh5 13. Ng5 Nf4 14. Qf3 Nd3+
15. Bxd3 cxd3 16. Qxd3 Ng6 17. h4 h6 18. h5 Qe7 19. hxg6 Qxg5 20. gxf7+ Rxf7
21. g3 Bd7 22. f4 Qe7 23. Nb3 b6 24. Nd2 a6 25. O-O-O Bb5 26. Qg6 Kh8 27. Rdg1
Rg8 28. Nf3 Rf5 29. Kd2 Be8 30. Qg4 Rgf8 31. Nh4 Bh5 32. Ng6+ Bxg6 33. Qxg6 Qd8
34. Rxh6+ gxh6 35. Qxh6+ Kg8 36. Qg6+ Kh8 37. Rh1+ Rh5 38. Rxh5# 1-0

[Event "MINI_ELO 2019 (1)"]
[Site "Suwalki"]
[Date "2019.03.24"]
[Round "6.6"]
[White "Gorka, Robert"]
[Black "Janczylik, Tomasz"]
[Result "1-0"]
[WhiteElo "1166"]
[BlackElo "1217"]
[PlyCount "89"]
[EventDate "2019.??.??"]

1. Nf3 {[%clk 0:30:54]} 1... e6 {[%clk 0:30:44]} 2. g3 {[%clk 0:31:08]} 2... d5
{[%clk 0:30:10]} 3. Bg2 {[%clk 0:31:25]} 3... Nf6 {[%clk 0:30:14]} 4. O-O {
[%clk 0:31:37]} 4... c5 {[%clk 0:30:25]} 5. d3 {[%clk 0:31:55]} 5... Nc6 {
[%clk 0:30:11]} 6. Nbd2 {[%clk 0:32:14]} 6... Bd6 {[%clk 0:27:11]} 7. Re1 {
[%clk 0:32:23]} 7... e5 {[%clk 0:26:15]} 8. e4 {[%clk 0:32:43]} 8... d4 {
[%clk 0:26:14]} 9. Nc4 {[%clk 0:33:02]} 9... Bc7 {[%clk 0:25:29]} 10. c3 {
[%clk 0:33:06]} 10... O-O {[%clk 0:24:06]} 11. Nh4 {[%clk 0:32:47]} 11... b5 {
[%clk 0:22:15]} 12. Na3 {[%clk 0:33:02]} 12... a6 {[%clk 0:22:32]} 13. Nf5 {
[%clk 0:32:44]} 13... Rb8 {[%clk 0:20:11]} 14. Rf1 {[%clk 0:32:15]} 14... Ne7 {
[%clk 0:19:20]} 15. cxd4 {[%clk 0:32:15]} 15... cxd4 {[%clk 0:17:17]} 16. Nxe7+
{[%clk 0:32:12]} 16... Qxe7 {[%clk 0:17:24]} 17. f4 {[%clk 0:32:01]} 17... Nd7
{[%clk 0:16:57]} 18. f5 {[%clk 0:31:56]} 18... f6 {[%clk 0:15:52]} 19. Qg4 {
[%clk 0:32:11]} 19... Kh8 {[%clk 0:15:32]} 20. Nc2 {[%clk 0:32:22]} 20... Ba5 {
[%clk 0:13:03]} 21. a3 {[%clk 0:32:03]} 21... Nb6 {[%clk 0:08:52]} 22. b4 {
[%clk 0:32:17]} 22... Na4 {[%clk 0:07:50]} 23. bxa5 {[%clk 0:32:36]} 23... g6 {
[%clk 0:07:45]} 24. Nb4 {[%clk 0:32:43]} 24... Ra8 {[%clk 0:06:08]} 25. Qf3 {
[%clk 0:31:40]} 25... g5 {[%clk 0:04:23]} 26. h4 {[%clk 0:31:33]} 26... h6 {
[%clk 0:04:14]} 27. hxg5 {[%clk 0:31:44]} 27... hxg5 {[%clk 0:04:34]} 28. Kf2 {
[%clk 0:31:41]} 28... Rf7 {[%clk 0:04:40]} 29. Nd5 {[%clk 0:30:45]} 29... Qb7 {
[%clk 0:02:44]} 30. Qh5+ {[%clk 0:30:56]} 30... Rh7 {[%clk 0:02:45]} 31. Qe8+ {
[%clk 0:30:48]} 31... Kg7 {[%clk 0:03:07]} 32. Ne7 {[%clk 0:30:49]} 32... Rh8 {
[%clk 0:02:40]} 33. Qg6+ {[%clk 0:31:07]} 33... Kf8 {[%clk 0:02:58]} 34. Qxf6+
{[%clk 0:31:24]} 34... Ke8 {[%clk 0:03:08]} 35. Bxg5 {[%clk 0:30:44]} 35... Rf8
{[%clk 0:02:41]} 36. Qg6+ {[%clk 0:30:40]} 36... Rf7 {[%clk 0:01:59]} 37. Rh1 {
[%clk 0:30:36]} 37... Be6 {[%clk 0:01:37]} 38. Rh8+ {[%clk 0:29:58]} 38... Kd7
{[%clk 0:01:46]} 39. Qxe6+ {[%clk 0:30:17]} 39... Kc7 {[%clk 0:02:03]} 40. Rxa8
{[%clk 0:29:25]} 40... Nc3 {[%clk 0:01:37]} 41. Nd5+ {[%clk 0:28:36]} 41...
Nxd5 {[%clk 0:01:56]} 42. Qxf7+ {[%clk 0:28:51]} 42... Kc6 {[%clk 0:01:40]} 43.
Qxd5+ {[%clk 0:29:02]} 43... Kc7 {[%clk 0:01:56]} 44. Rc1+ {[%clk 0:29:26]}
44... Qc6 {[%clk 0:02:11]} 45. Qxc6# {[%clk 0:29:44]} 1-0

[Event "MINI_ELO 2019 (1)"]
[Site "Suwalki"]
[Date "2019.03.24"]
[Round "6.7"]
[White "Wasilewski, Stanislaw"]
[Black "Makarec, Anna"]
[Result "1-0"]
[WhiteElo "1147"]
[BlackElo "1071"]
[PlyCount "49"]
[EventDate "2019.??.??"]

1. c4 e6 2. g3 d5 3. Bg2 Nf6 4. Nf3 b6 5. Nc3 Bb7 6. O-O Be7 7. d4 c5 8. b3 O-O
9. Bb2 Nbd7 10. cxd5 cxd4 11. Nxd4 Nxd5 12. Nxd5 Bxd5 13. Nc6 Bxc6 14. Bxc6 Nf6
15. Bxa8 Qxa8 16. Qd3 Ne4 17. Qf3 f5 18. Rfd1 Qb8 19. Rd7 Bf6 20. Bxf6 Nxf6 21.
Re7 Qe5 22. Rd1 Ra8 23. Qxa8+ Qb8 24. Qxb8+ Ne8 25. Qxe8# 1-0

[Event "MINI_ELO 2019 (1)"]
[Site "Suwalki"]
[Date "2019.03.24"]
[Round "6.8"]
[White "Bartnik, Michal"]
[Black "Butkiewicz, Jan"]
[Result "1-0"]
[WhiteElo "1074"]
[BlackElo "1165"]
[PlyCount "109"]
[EventDate "2019.??.??"]

1. e4 e5 2. Nf3 Nc6 3. d4 exd4 4. Bc4 Bc5 5. c3 dxc3 6. Bxf7+ Kxf7 7. Qd5+ Ke8
8. Qh5+ Ke7 9. Qxc5+ d6 10. Qxc3 Nf6 11. Nbd2 Be6 12. O-O Rg8 13. Re1 Nd7 14.
Ng5 h6 15. Nxe6 Kxe6 16. Nf3 Qf6 17. Qb3+ Ke7 18. Qxb7 Nce5 19. Nxe5 dxe5 20.
Qxc7 Raf8 21. Rf1 g5 22. Be3 h5 23. Bc5+ Ke8 24. Bxf8 Nxf8 25. Rad1 g4 26. Qd6
Qf4 27. Rd5 Rg5 28. Qd8+ Kf7 29. Rc5 h4 30. Rc7+ Kg8 31. Qd5+ Kh8 32. Qf7 h3
33. Qxf4 exf4 34. g3 Ne6 35. Rf7 fxg3 36. fxg3 Nd4 37. Rf8+ Kh7 38. b3 Re5 39.
R8f7+ Kh8 40. Rxa7 Kg8 41. Ra4 Rxe4 42. b4 Ne2+ 43. Kh1 Nc3 44. Ra3 Nb5 45. Rb3
Nd4 46. Rbb1 Nf3 47. Rb2 Kf7 48. a4 Ke7 49. Ra1 Kd8 50. b5 Kc7 51. a5 Kb7 52.
a6+ Ka8 53. b6 Kb8 54. a7+ Ka8 55. b7# 1-0

[Event "MINI_ELO 2019 (1)"]
[Site "Suwalki"]
[Date "2019.03.24"]
[Round "6.9"]
[White "Sawicki, Dorian"]
[Black "Racis, Michal"]
[Result "1/2-1/2"]
[WhiteElo "1062"]
[BlackElo "1023"]
[PlyCount "75"]
[EventDate "2019.??.??"]

1. e4 e5 2. Nf3 Nc6 3. Bc4 Bc5 4. Nc3 Nf6 5. d3 h6 6. Bd2 d6 7. h3 Be6 8. Bb3
O-O 9. O-O Qe7 10. Bxe6 fxe6 11. Qe2 Rf7 12. Be3 Bb6 13. Rad1 Raf8 14. d4 exd4
15. Bxd4 e5 16. Bxb6 axb6 17. a3 Nh5 18. Nd5 Qe6 19. Ng5 hxg5 20. Qxh5 Qh6 21.
Qxh6 gxh6 22. c3 Na5 23. b4 Nc4 24. a4 c6 25. Ne3 Nxe3 26. fxe3 Rxf1+ 27. Rxf1
Rxf1+ 28. Kxf1 Kf7 29. Ke2 Kg6 30. Kf3 Kh5 31. Kg3 c5 32. b5 c4 33. Kh2 g4 34.
g3 gxh3 35. Kxh3 Kg5 36. g4 Kg6 37. Kh4 h5 38. gxh5+ 1/2-1/2

[Event "MINI_ELO 2019 (1)"]
[Site "Suwalki"]
[Date "2019.03.24"]
[Round "7.1"]
[White "Sapinski, Sebastian"]
[Black "Kopaczewski, Zbigniew"]
[Result "1-0"]
[WhiteElo "1452"]
[BlackElo "1335"]
[PlyCount "107"]
[EventDate "2019.??.??"]

1. e4 e6 2. d4 d5 3. Nc3 c6 4. Bd3 Bb4 5. e5 Nd7 6. a3 Ba5 7. b4 Bc7 8. Qg4
Nxe5 9. dxe5 Bxe5 10. Nge2 a5 11. b5 c5 12. Rb1 c4 13. Bxc4 dxc4 14. Qxc4 Bd7
15. Qe4 Qc7 16. Bd2 Nf6 17. Qf3 O-O 18. Bf4 Bxf4 19. Qxf4 Qxf4 20. Nxf4 Rac8
21. Nfe2 e5 22. O-O Bf5 23. Rb2 Rfd8 24. Rc1 Rd2 25. Kf1 Rd7 26. Nd1 Nd5 27. c4
Nf4 28. Nxf4 exf4 29. c5 Rdc7 30. Rd2 g6 31. Rd5 Be6 32. Re5 Kg7 33. Nb2 Kf6
34. Nd3 Bf5 35. Rxf5+ Kxf5 36. Rc4 g5 37. Ra4 Re8 38. f3 Rd7 39. Nf2 Re3 40.
Rxa5 h5 41. c6 Rd8 42. b6+ Ke6 43. cxb7 Rb8 44. Ne4 Rxe4 45. fxe4 f6 46. Rb5
Rxb7 47. a4 Kd6 48. a5 Kc6 49. Rf5 Rb8 50. Rxf6+ Kb5 51. Rf5+ Ka6 52. Rxg5 Re8
53. Rxh5 Rxe4 54. Kf2 1-0

[Event "MINI_ELO 2019 (1)"]
[Site "Suwalki"]
[Date "2019.03.24"]
[Round "7.2"]
[White "Czarniecki, Pawel"]
[Black "Gorka, Robert"]
[Result "1-0"]
[WhiteElo "1495"]
[BlackElo "1166"]
[PlyCount "46"]
[EventDate "2019.??.??"]

1. d4 Nf6 2. Nf3 g6 3. e3 Bg7 4. Bd3 O-O 5. O-O d6 6. c4 Nbd7 7. Nc3 e5 8. dxe5
dxe5 9. Nd2 Nc5 10. Bc2 Be6 11. Qe2 Qe7 12. b3 Rad8 13. Ba3 Qd6 14. Nde4 Nfxe4
15. Nxe4 Qc6 16. Nxc5 e4 17. Bxe4 Qb6 18. Rac1 Qa5 19. Nxe6 Rd2 20. b4 Rxe2 21.
bxa5 Re8 22. Bf3 Rxa2 23. Nxg7 Ra8 1-0

[Event "MINI_ELO 2019 (1)"]
[Site "Suwalki"]
[Date "2019.03.24"]
[Round "7.3"]
[White "Palejko, Maria"]
[Black "Walendykiewicz, Martyna"]
[Result "0-1"]
[WhiteElo "1238"]
[BlackElo "1175"]
[PlyCount "206"]
[EventDate "2019.??.??"]

1. e4 e5 2. Nf3 Nf6 3. Nxe5 d6 4. Nf3 Nxe4 5. Qe2 Qe7 6. d3 Nf6 7. Nc3 Bg4 8.
Bg5 Bxf3 9. Qxe7+ Bxe7 10. gxf3 Nbd7 11. Bh3 h6 12. Bxd7+ Kxd7 13. Be3 a6 14.
Rg1 Rhg8 15. Ne4 Rae8 16. Kd2 Nxe4+ 17. fxe4 Bf6 18. c3 Be5 19. f4 Bf6 20. Bf2
g5 21. Be3 gxf4 22. Bxf4 Bg5 23. Ke3 Ke6 24. Raf1 Bxf4+ 25. Kxf4 Kf6 26. d4 Ke6
27. c4 c6 28. b4 b5 29. c5 d5 30. e5 f6 31. Rxg8 Rxg8 32. exf6 Kxf6 33. Ke3+
Ke6 34. Rf2 Rg4 35. Kd3 Rh4 36. Kc3 Rh3+ 37. Kc2 Ra3 38. Kc1 Rd3 39. Rf4 Rh3
40. Rf2 Rh4 41. Rd2 Kf5 42. Kc2 Re4 43. Kc3 Re3+ 44. Kc2 Ke4 45. Kb2 Rd3 46.
Rg2 Rxd4 47. a3 Kf5 48. Kc3 Rf4 49. Rg3 Ke4 50. Rg6 Rf3+ 51. Kb2 Rf2+ 52. Kc3
d4+ 53. Kb3 Rxh2 54. Rxc6 d3 55. Re6+ Kd4 56. c6 Kd5 57. c7 Rc2 58. Re7 Kd6 59.
Re3 Kxc7 60. Rh3 Rc6 61. Rxd3 Kc8 62. a4 Kc7 63. Rd5 bxa4+ 64. Kxa4 Kb6 65. Re5
Rc1 66. Rh5 Rc6 67. Rd5 Rg6 68. Rh5 Ka7 69. Rh4 Kb6 70. Rh5 Kc6 71. Ra5 Kd7 72.
Kb3 Ke7 73. Kc4 Kf7 74. Kd3 Re6 75. Kd4 Kg6 76. Kd5 Rf6 77. Ke4 h5 78. Ra2 Rb6
79. Rg2+ Kh6 80. Rb2 Kg5 81. Ke5 Rb5+ 82. Ke4 h4 83. Kf3 Kh5 84. Kf4 a5 85. Re2
Rxb4+ 86. Kf5 Rg4 87. Re8 Rg5+ 88. Kf4 Rb5 89. Kf3 h3 90. Kg3 Rb3+ 91. Kf4 a4
92. Kf5 Kh4 93. Kf4 Rb4+ 94. Kf3 a3 95. Re1 a2 96. Ra1 Rb2 97. Kf4 h2 98. Kf3
Rb1 99. Rxa2 h1=Q+ 100. Ke3 Rb3+ 101. Kd4 Qd1+ 102. Ke5 Re3+ 103. Kf4 Qf3# 0-1

[Event "MINI_ELO 2019 (1)"]
[Site "Suwalki"]
[Date "2019.03.24"]
[Round "7.4"]
[White "Pieczulis, Blazej"]
[Black "Wasilewski, Stanislaw"]
[Result "1-0"]
[WhiteElo "1488"]
[BlackElo "1147"]
[PlyCount "113"]
[EventDate "2019.??.??"]

1. d4 Nf6 2. Nf3 e6 3. e3 d5 4. c4 c5 5. Nc3 Nc6 6. cxd5 Nxd5 7. Bb5 Bd7 8. Qe2
cxd4 9. Nxd4 Bb4 10. Bd2 O-O 11. O-O Nxd4 12. exd4 Rc8 13. Rac1 Bxb5 14. Qxb5
Bxc3 15. Bxc3 Qb6 16. Qxb6 Nxb6 17. f4 Na4 18. f5 exf5 19. Rxf5 Rfd8 20. Rf4
Nxc3 21. bxc3 f6 22. Kf2 Rc4 23. Ke3 Kf7 24. Kd3 b5 25. Rf2 Rdc8 26. Rb2 a6 27.
Rcc2 Ra4 28. Rb3 f5 29. a3 Rac4 30. Ra2 Ke6 31. a4 bxa4 32. Rb6+ Kd5 33. Ra3 g6
34. Rxa6 R8c6 35. Rxc6 Rxc6 36. Rxa4 Rb6 37. c4+ Ke6 38. Kc3 h6 39. c5 Rc6 40.
Kc4 Kf7 41. d5 Rc8 42. c6 Ke7 43. Kc5 Rd8 44. Ra7+ Ke8 45. c7 Rc8 46. Kc6 Ke7
47. d6+ Kf6 48. d7 Rxc7+ 49. Kxc7 g5 50. d8=Q+ Kg6 51. Ra6+ Kh5 52. h3 Kh4 53.
Qd4+ f4 54. Rxh6+ Kg3 55. Qe4 g4 56. hxg4 f3 57. Qxf3# 1-0

[Event "MINI_ELO 2019 (1)"]
[Site "Suwalki"]
[Date "2019.03.24"]
[Round "7.5"]
[White "Pieczulis, Hubert"]
[Black "Sawicki, Wojciech"]
[Result "1/2-1/2"]
[WhiteElo "1246"]
[BlackElo "1341"]
[PlyCount "37"]
[EventDate "2019.??.??"]

1. d4 Nf6 2. Nf3 e6 3. Bg5 Be7 4. e3 b6 5. Bd3 Bb7 6. Nbd2 d5 7. Qe2 Nbd7 8. c3
c5 9. O-O O-O 10. Bxf6 Nxf6 11. Ne5 Nd7 12. f4 f5 13. Rf3 Nxe5 14. fxe5 Rf7 15.
Rh3 g6 16. Kh1 Qf8 17. Rg1 c4 18. Bc2 b5 19. a3 1/2-1/2

[Event "MINI_ELO 2019 (1)"]
[Site "Suwalki"]
[Date "2019.03.24"]
[Round "7.6"]
[White "Palejko, Gabriela"]
[Black "Bartnik, Michal"]
[Result "0-1"]
[WhiteElo "1113"]
[BlackElo "1074"]
[PlyCount "117"]
[EventDate "2019.??.??"]

1. e4 c5 2. Nf3 Nc6 3. d4 cxd4 4. Nxd4 Nf6 5. Nc3 e5 6. Nb3 Bb4 7. Bd3 h6 8.
O-O d6 9. h3 O-O 10. Be3 Be6 11. a3 Bxc3 12. bxc3 Qc7 13. Qf3 Qe7 14. c4 b6 15.
Rad1 Rfd8 16. c3 Rac8 17. Rfe1 Rc7 18. Be2 Rcd7 19. Nd2 Rc8 20. Qg3 Kh8 21. Qh4
Ng8 22. Qxe7 Ngxe7 23. Nf3 Na5 24. c5 bxc5 25. Bb5 Rdd8 26. Rd3 Bc4 27. Bxc4
Nxc4 28. Bc1 Rd7 29. Bd2 Rcd8 30. a4 Ng6 31. Bc1 Nb6 32. a5 Nc4 33. a6 Ne7 34.
Red1 Nc6 35. Nd2 Nxd2 36. R3xd2 Nb8 37. Ra2 Rc7 38. Be3 Rc6 39. Rda1 f6 40. c4
Kg8 41. Bd2 Rdc8 42. Kf1 Nd7 43. Rb2 Rb8 44. Rb7 Rxa6 45. Rxa6 Rxb7 46. Rxd6
Kf7 47. Be3 Ke7 48. Rd5 Rc7 49. Rd1 Nb6 50. Ra1 Nxc4 51. Bc1 Nd6 52. f3 Nb5 53.
Be3 Nd4 54. Ra2 c4 55. f4 c3 56. Bf2 c2 57. Ra1 c1=Q+ 58. Rxc1 Rxc1+ 59. Be1
0-1

[Event "MINI_ELO 2019 (1)"]
[Site "Suwalki"]
[Date "2019.03.24"]
[Round "7.7"]
[White "Racis, Michal"]
[Black "Kotarski, Grzegorz"]
[Result "0-1"]
[WhiteElo "1023"]
[BlackElo "1414"]
[PlyCount "52"]
[EventDate "2019.??.??"]

1. d4 d5 2. Nf3 e6 3. c4 Nf6 4. Bg5 Be7 5. e3 h6 6. Bh4 a6 7. Nbd2 Nbd7 8. Be2
c5 9. O-O cxd4 10. Nxd4 O-O 11. Rc1 dxc4 12. Nxc4 b5 13. Nd2 Bb7 14. Bf3 Nd5
15. Bxe7 Qxe7 16. N2b3 Qd8 17. Nc6 Bxc6 18. Rxc6 Ne5 19. Bxd5 exd5 20. Rc5 Nc4
21. Rxd5 Qf6 22. Nd4 Nxb2 23. Qg4 Nc4 24. Rd1 Rac8 25. Nf5 Rfe8 26. Rd7 Ne5 0-1

[Event "MINI_ELO 2019 (1)"]
[Site "Suwalki"]
[Date "2019.03.24"]
[Round "7.8"]
[White "Janczylik, Tomasz"]
[Black "Wiszniewski, Stanislaw"]
[Result "0-1"]
[WhiteElo "1217"]
[BlackElo "1233"]
[PlyCount "60"]
[EventDate "2019.??.??"]

1. d4 d5 2. c4 e6 3. Nc3 Nf6 4. Bg5 Be7 5. e3 O-O 6. Qc2 Nc6 7. a3 h6 8. Bh4 a6
9. b4 Qd6 10. c5 Qd7 11. Bd3 Ne8 12. Bg3 Nf6 13. Nge2 Nh5 14. O-O Nxg3 15. Nxg3
e5 16. dxe5 Nxe5 17. Bf5 Qc6 18. Rad1 Rd8 19. Bxc8 Raxc8 20. Nf5 Bf6 21. Nd4
Qe8 22. Nce2 Nc4 23. Qc1 Rd7 24. Nf4 c6 25. Nd3 Re7 26. Nb2 Nxa3 27. Rd3 Bxd4
28. exd4 Nb5 29. Rg3 Nxd4 30. Qxh6 Ne2+ 0-1